| 000 | 00509nam a2200145Ia 4500 | ||
|---|---|---|---|
| 008 | 231217s9999 xx 000 0 und d | ||
| 041 | _aEnglish | ||
| 082 | _a294.543 BRU;1 | ||
| 100 | _aBrueton, Diana | ||
| 245 | 0 | _aHow to discovering meditation : how to practise meditation techniques to find inner calm and resolution | |
| 260 |
_c2003 _bJaico Publishing House, _aMumbai |
||
| 300 | _a120 | ||
| 650 | _adiscovering,meditation,:,practise,meditation,techniques,find,inner,calm,resolution | ||
| 942 | _cAA | ||
| 999 |
_c170471 _d170471 |
||